| 000 | 01427 a2200205 4500 | ||
|---|---|---|---|
| 003 | Nust | ||
| 005 | 20221226101730.0 | ||
| 010 | _a 76054241 | ||
| 020 | _a087778096X | ||
| 040 | _cNust | ||
| 082 | 0 | 0 | _a621.388,ACK |
| 245 | 0 | 0 |
_aInstructional television : _bstatus and directions / _cJerrold Ackerman and Lawrence Lipsitz, editors. |
| 260 |
_aEnglewood Cliffs, N.J. : _bEducational Technology Publications, _cc1977. |
||
| 300 |
_axii, 217 p. : _bill. ; _c25 cm. |
||
| 505 | _aKeynote to Volume: A Challenge to Dream (Page-3), Synopsis of Television in Education (Page-7), Instructional Development in Instructional Television (Page-15), A Cognitive Approach to Media (Page-49),Instructional Television: do we the Courage to Succeed? (Page-59), A Working Models Of Instructional Television (Page-65),College Credit Course by Open Circuits Television (Page-75), ITV/ETV Evaluation (Page-85), Instructional Television: The Medium whose Future Has Passed (Page-95), Instructional Television: Interaction and Learning Objective (Page-109), In-School Television and The New Technology (Page-123), Videodiscs, or the Individualization Of Instructional Television (Page-133), Instructional Television: Yesterday Magic (Page-147), Improving ITV, S Instructional Image (Page-153). | ||
| 650 | 0 |
_aTelevision in education. _9105863 |
|
| 700 | 1 |
_aAckerman, Jerrold. _9105864 |
|
| 700 | 1 |
_aLipsitz, Lawrence. _9105865 |
|
| 942 |
_2ddc _cBK |
||
| 999 |
_c183297 _d183297 |
||